00687cam a2200193 i 4500008004100000020002200041245010600063260003500169300008000204500002000284650005300304650004400357700002300401700002500424700001700449003000100466005001700467040000900484  a0600331458 (hbk.)04aThe Encyclopedia of land warfare in the 20th century /c[Shelford Bidwell et al. ; editor Ray Bonds]. aLondon :bSpring Books,c1977. a248 p. :bill. (chiefly col.), 4 col. facsims., col. maps, ports. :c31 cm. aIncludes index. 0aMilitary art and sciencexHistoryy20th century. 0aMilitary history, Moderny20th century.1 aBidwell, Shelford. aFoss, Christopher F. aBond, Brian.20230123122233.0 cNUST